Vista normal
Vista MARC
- Graue, Ana
Entrada Personal Name
Número de registros utilizados en: 1
001 - CONTROL NUMBER
- control field: 6262
003 - CONTROL NUMBER IDENTIFIER
- control field: OSt
005 - DATE AND TIME OF LATEST TRANSACTION
- control field: 20160302195648.0
008 - FIXED-LENGTH DATA ELEMENTS
- fixed length control field: 160302|| aca||aabn | a|a d
040 ## - CATALOGING SOURCE
- Original cataloging agency: OSt
- Transcribing agency: OSt
100 ## - HEADING--PERSONAL NAME
- Personal name: Graue, Ana
670 ## - SOURCE DATA FOUND
- Source citation: Work cat.: (OSt)3750: Graue, Ana, Introducción a la economía, 2014